Statistiques concernant Groupes de 7

Cliquez ici pour prendre le quiz!

Statistiques générales

  • Ce quiz a été pris 360 fois
  • Le résultat moyen est 28 sur 84

Statistiques - réponses

HintRéponse% Correct
ArtsArts visuels
81%
ArtsCinéma
78%
Péchés capitauxGourmandise
75%
Péchés capitauxColère
73%
Étapes du deuilColère
73%
Pays d'Afrique commençant par la lettre MMauritanie
73%
Pays d'Afrique commençant par la lettre MMaroc
72%
Merveilles du monde antiquePyramide de Khéops
72%
Nains dans Blanche-NeigeGrincheux
71%
Pays d'Afrique commençant par la lettre MMali
70%
Pays d'Afrique commençant par la lettre MMozambique
69%
Étapes du deuilDéni
67%
Vainqueurs de Grand Chelem (Tennis) de 2010 à 2020Rafael Nadal
67%
Péchés capitauxLuxure
65%
Vainqueurs de Grand Chelem (Tennis) de 2010 à 2020Roger Federer
65%
Pays d'Afrique commençant par la lettre MMadagascar
64%
Vainqueurs de Grand Chelem (Tennis) de 2010 à 2020Novak Djokovic
64%
Étapes du deuilAcceptation
63%
Péchés capitauxAvarice
60%
ArtsArts de la scène
57%
ArtsMusique
57%
ArtsSculpture
57%
Étapes du deuilTristesse
56%
Nains dans Blanche-NeigeSimplet
54%
Nains dans Blanche-NeigeAtchoum
52%
Péchés capitauxEnvie
51%
Merveilles du monde antiqueJardins suspendus de Babylone
51%
Nains dans Blanche-NeigeProf
49%
Pays d'Afrique commençant par la lettre MMalawi
48%
Merveilles du monde antiquePhare d'Alexandrie
48%
Péchés capitauxParesse
47%
Merveilles du monde antiqueColosse de Rhodes
46%
Péchés capitauxOrgueil
45%
Pays d'Afrique commençant par la lettre MMaurice
43%
Nains dans Blanche-NeigeDormeur
42%
ArtsLittérature
42%
Vainqueurs de Grand Chelem (Tennis) de 2010 à 2020Andy Murray
39%
Nains dans Blanche-NeigeJoyeux
39%
Merveilles du monde moderneTaj Mahal en Inde
33%
Nains dans Blanche-NeigeTimide
33%
Vainqueurs de Grand Chelem (Tennis) de 2010 à 2020Stanislas Wawrinka
31%
Merveilles du monde moderneMachu Picchu au Pérou
30%
Merveilles du monde moderneLa Grande Muraille de Chine
29%
Étapes du deuilChoc
26%
Merveilles du monde moderneColisée à Rome
26%
Rois BelgesLéopold II
26%
Merveilles du monde antiqueStatue chryséléphantine de Zeus à Olympie
26%
ArtsArchitecture
25%
Merveilles du monde antiqueTemple d'Artémis à Éphèse
25%
Rois BelgesLéopold Ier
21%
Merveilles du monde modernePétra en Jordanie
20%
Merveilles du monde antiqueMausolée d'Halicarnasse
19%
Merveilles du monde moderneStatue du Christ Rédempteur à Rio
18%
Rois BelgesLéopold III
17%
Rois BelgesPhilippe
16%
Rois BelgesBaudouin
15%
Vainqueurs de Grand Chelem (Tennis) de 2010 à 2020Dominic Thiem
15%
Rois BelgesAlbert II
13%
Rois BelgesAlbert Ier
12%
Hors Pixar et Disney, Films d'animation ayant remporté un oscarLe Voyage de Chihiro
11%
Hors Pixar et Disney, Films d'animation ayant remporté un oscarShrek
11%
Ont obtenu l'oscar du meilleur acteur depuis 1955 au moins deux foisTom Hanks
11%
Merveilles du monde moderneChichén Itzá au Mexique
10%
Vainqueurs de Grand Chelem (Tennis) de 2010 à 2020Marin Čilić
9%
Ont obtenu l'oscar du meilleur acteur depuis 1955 au moins deux foisDaniel Day-Lewis
8%
Ont obtenu l'oscar du meilleur acteur depuis 1955 au moins deux foisJack Nicholson
5%
Médailles Belges aux Jeux Olympiques de Tokyo 2020Nafissatou Thiam
5%
Ont obtenu l'oscar du meilleur acteur depuis 1955 au moins deux foisMarlon Brando
4%
Étapes du deuilRésignation
4%
Médailles Belges aux Jeux Olympiques de Tokyo 2020Wout van Aert
4%
Ont obtenu l'oscar du meilleur acteur depuis 1955 au moins deux foisDustin Hoffman
3%
Médailles Belges aux Jeux Olympiques de Tokyo 2020Nina Derwael
3%
Étapes du deuilReconstruction
3%
Hors Pixar et Disney, Films d'animation ayant remporté un oscarSpider-Man: New Generation
3%
Ont obtenu l'oscar du meilleur acteur depuis 1955 au moins deux foisAnthony Hopkins
2%
Médailles Belges aux Jeux Olympiques de Tokyo 2020Matthias Casse
2%
Médailles Belges aux Jeux Olympiques de Tokyo 2020Red Lions
2%
Ont obtenu l'oscar du meilleur acteur depuis 1955 au moins deux foisSean Penn
2%
Médailles Belges aux Jeux Olympiques de Tokyo 2020Bashir Abdi
1%
Médailles Belges aux Jeux Olympiques de Tokyo 2020Equestrian Team Jumping
1%
Hors Pixar et Disney, Films d'animation ayant remporté un oscarRango
1%
Hors Pixar et Disney, Films d'animation ayant remporté un oscarHappy Feet
0%
Hors Pixar et Disney, Films d'animation ayant remporté un oscarPinocchio par Guillermo del Toro
0%
Hors Pixar et Disney, Films d'animation ayant remporté un oscarWallace et Gromit : Le Mystère du lapin-garou
0%

Distribution des résultats

Percentile par nombre de réponses

% des personnes avec chaque résultat

Votre développement - résultats

Vous n’avez pas pris ce quiz